Multiple Choice State Quiz – Georgia - Statistics

General Stats
  • This quiz has been taken 13 times
  • The average score is 8 of 10
Answer Stats
Question Answer % Correct
What state borders Georgia? North Carolina
100%
What is the flag of Georgia?
90%
What is the capital and largest city of Georgia? Atlanta
90%
What sport is most commonly played in Augusta, Georgia? Golf
90%
What is Georgia's Nickname? The Peach State
90%
What popular zombie movie/TV series was primarily filmed in Georgia? The Walking Dead
90%
Georgia is bordered to the northeast by what large body of water? Savannah River
80%
Who was the general that used the "Scorched Earth" tactic from Atlanta to Savannah? Sherman
80%
Which president was born and raised in Georgia? Jimmy Carter
60%
Of the Five Tribes that were forcibly relocated via the Trail of Tears, which tribe is mainly in Georgia? Cherokee
50%
No matching quizzes found
Score Distribution
Percent of People with Each Score
Percentile by Number Answered
Your Score History
You have not taken this quiz